000 00600nam a2200241Ia 4500
003 OSt
005 20220924151737.0
006 a|||||r|||| 00| 0
007 ta
008 220923b |||||||| |||| 00| 0 ara d
024 _a338945
037 _cTextual
040 _aARTS
_cARTS
_bara
041 _2ara
_aara
082 _aO28,3M61,5, N8
100 _aZaidan Jurji Au.
245 0 _aFatah al qirwan
260 _c1998
300 _a307p.
_ccm.
650 _aARABIC FICTION
_964594
942 _hO28,3M61,5, N8
_cTEXL
_2CC
999 _c467573
_d467573